000 00791nam a2200265Ia 4500
001 dia_1930
003 CHAP
005 20251021140150.0
008 220117sS.A. xx 000 0 und d
010 _a172466
040 _cCHAP
082 _a633.577 A5
100 _aAñorve Reyna, Jesús
_96194
245 _aEstudio Técnico, Financiero y Social de Pulque Enlatado Magueyín /
_c por Jesús Añorve Reyna
260 _aMéxico :
_b Promotora del Maguey y del Nopal,
_cS.A.
300 _a125 h.
500 _aD fotocopia
650 _aPulque enlatado/
_9151855
650 _aPulque/
_993009
650 _aPulque
_xconservación.
_993011
901 _a633.577 A5
902 _aM
905 _a000000S.A. MEXX 0000000000ESP00
942 _cLIBRO
_2ddc
999 _c172466
_d172466